000 00569nam a22001577a 4500
008 160801b xxu||||| |||| 00| 0 eng d
082 _22014
_aUT 0550
_bF39
100 _912132
_aFernandez, Marian Eloise.
245 _aWSS banana online ordering system/
_cMarian Eloise Fernandez, John Ford Pacyao and Dabby Shane Zafra.
260 _aDigos City;
_bUMDC
_cNovember 2014.
300 _a110 pages;
_c30 cm
650 0 _912131
_aInformation Technology
_xUndergraduate thesis.
700 _912129
_aPacyao, John Ford.
700 _912130
_aZafra, Dabby Shane.
942 _2ddc
_cUT
999 _c3642
_d3642